A-Z Wikipedia Famous Person Quiz - Deutsch - Statistiken

Allgemein
  • Dieses Quiz wurde 248 mal gespielt
  • Das Durchschnittsergebnis liegt bei 13 aus 26
Antwortstatistiken
A-Z Clue / Hinweis Who? Wer? % Korrekt
B 44. Präsident der Vereinigten Staaten, 2009-2017 (1961-) Barack Obama
93%
N französischer General, Staatsmann und Kaiser (1769-1821) Napoleon Bonaparte
80%
A Schwedischer DJ, Remixer und Musikproduzent (1989-2018) Avicii
76%
C deutscher Politiker, MdB, Fraktions- und Parteivorsitzender der FDP (1979-) Christian Lindner
75%
M deutscher Automobilrennfahrer der Formel 1 (1969-) Michael Schumacher
74%
K letzte Königin des ägyptischen Ptolemäerreiches und letzter weiblicher Pharao aus dem ersten Jahrhundert vor Christus (69 v. Chr. - 30 v. Chr.) Kleopatra VII
73%
O deutscher Politiker (SPD), MdB, Vizekanzler, Bundesfinanzminister, ehem. erster Bürgermeister von Hamburg, Kanzlerkandidat der SPD 2021 (1958-) Olaf Scholz
70%
W Musiker und Komponist der Wiener Klassik; sein Werk gehört zum Bedeutendsten im Repertoire klassischer Musik (1756-1791) Wolfgang Amadeus Mozart
61%
Z schwedischer Fußballspieler (1981-) Zlatan Ibrahimović
61%
H deutscher Politiker (SPD) und Publizist, Bundeskanzler von 1974 bis 1982 (1918-2015) Helmut Schmidt
60%
Q US-amerikanischer Filmregisseur, Schauspieler, Filmproduzent und Drehbuchautor (1963-) Quentin Tarantino
57%
S deutscher Politikerin (Die Linke), MdB, Autorin (1969-) Sahra Wagenknecht
57%
X deutscher Soul- und R&B-Sänger (1971-) Xavier Naidoo
53%
F britischer Rocksänger (1946-1991) Freddie Mercury
50%
E US-amerikanischer Sänger, Musiker und Schauspieler (1935-1977) Elvis Presley
49%
L deutscher Fußballspieler, -trainer und TV-Experte (1961-) Lothar Matthäus
48%
T altägyptischer König (Pharao) im 14. Jahrhundert v. Chr. (1341 v. Chr. - 1323 v. Chr.) Tutanchamun
46%
P 266. Papst der römisch-katholischen Kirche (1936-) Papst Franziskus
43%
R deutscher Webvideoproduzent, Musiker, Streamer und Kolumnist Rezo
39%
Y japanische Künstlerin, Autorin und Friedensaktivistin (1933-) Yoko Ono
36%
V deutsche Sängerin (1992-) Vanessa Mai
33%
I englischer Naturforscher und Verwaltungsbeamter (1642-1726) Isaac Newton
30%
J deutscher Fußballspieler (1988-) Jérôme Boateng
25%
D britischer Musiker, Sänger, Produzent, Schauspieler und Maler (1947-2016) David Bowie
21%
G deutsch-britischer Komponist des Barocks (1685-1759) Georg Friedrich Händel
18%
U deutscher politiker (CDU) (1944-) Uwe Barschel
7%
Keine übereinstimmenden Quizze gefunden
Verteilung der Resultate
Anzahl Personen mit jedem Resultat
Perzentil nach korrekt beantworteten Fragen
Ihre Resultats-Entwicklung
Sie haben dieses Quiz noch nicht gespielt